| 000 | 00000nas 2200000za 4500 |
| 001 | 9.851520 |
| 003 | CaOODSP |
| 005 | 20241217164117 |
| 007 | cr ||||||||||| |
| 008 | 180209n1986uuuuxxc x m o f0###|0eng|d |
| 022 | |y0714-1041 |
| 040 | |aCaOODSP|beng |
| 043 | |an-cn--- |
| 086 | 1 |aEn49-9E-PDF |
| 130 | 0 |aReport (Canada. Environment Canada) |
| 245 | 00|aEnvironmental protection series reports |h[electronic resource] / |cEnvironment Canada. |
| 246 | 3 |aEnvironmental protection series |
| 246 | 3 |aEnvironmental protection report series |
| 246 | 3 |aReport EPS |
| 246 | 3 |aEnvironmental Protection Branch report series |
| 260 | |aOttawa : |bEnvironment Canada, |c[1986]- |
| 310 | |aIrregular |
| 362 | 1 |aBegan in April 1986. |
| 550 | |aPublished by: Environmental Protection Directorate; <1994- by Environmental Protection Service; <1999- by Environmental Protection Branch. |
| 692 | 07|2gccst|aEnvironmental protection |
| 710 | 1 |aCanada. |bEnvironment Canada. |
| 710 | 1 |aCanada. |bEnvironmental Protection Directorate. |
| 710 | 1 |aCanada. |bEnvironmental Protection Service. |
| 710 | 1 |aCanada. |bEnvironment Canada. |bEnvironmental Protection Branch. |
| 775 | 08|tSérie de la protection de l'environnement |w(CaOODSP)9.854306 |
| 780 | 00|tEnvironmental Protection Service report series |w(CaOODSP)9.866031 |